书目信息 |
| 题名: |
电力建设工程质量问题通病防治手册
|
|
| 作者: | 孟祥泽 , 孟庆义 主编 | |
| 分册: | ||
| 出版信息: | 北京 中国电力出版社 2004.08 |
|
| 页数: | 317页 | |
| 开本: | 20cm | |
| 丛书名: | ||
| 单 册: | ||
| 中图分类: | TM7-62 | |
| 科图分类: | ||
| 主题词: | 电力工程--dian li gong cheng--质量控制--手册 | |
| 电子资源: | ||
| ISBN: | 7-5083-2212-6 | |
| 000 | 00914nam0 2200229 450 | |
| 001 | 0134170140 | |
| 005 | 20050506093136.09 | |
| 010 | @a7-5083-2212-6@d20.00CNY | |
| 100 | @a20050506d2004 km y0chiy0120 ea | |
| 101 | 0 | @achi |
| 102 | @aCN@b110000 | |
| 105 | @aa z 000yy | |
| 200 | 1 | @a电力建设工程质量问题通病防治手册@Adian li jian she gong cheng zhi liang wen ti tong bing fang zhi shou ce@f主编孟祥泽, 孟庆义@Fzhu bian meng xiang ze,meng qing yi |
| 210 | @a北京@c中国电力出版社@d2004.08 | |
| 215 | @a317页@c图@d20cm | |
| 330 | @a本手册分为土建工程和安装工程两篇。针对电力建设工程施工中常见且多次发生的施工质量问题通病,讲述了通病的现象、原因分析、预防措施和治理方法等内容。 | |
| 606 | 0 | @a电力工程@Adian li gong cheng@x质量控制@x手册 |
| 690 | @aTM7-62@v4 | |
| 701 | 0 | @a孟祥泽@Ameng xiang ze@4主编 |
| 701 | 0 | @a孟庆义@Ameng qing yi@4主编 |
| 801 | 0 | @aCN@bRULIN@c20050506 |
| 905 | @a10447@dTM7-62@eM624 | |
| 电力建设工程质量问题通病防治手册/主编孟祥泽, 孟庆义.-北京:中国电力出版社,2004.08 |
| 317页:图;20cm |
| ISBN 7-5083-2212-6:20.00CNY |
| 本手册分为土建工程和安装工程两篇。针对电力建设工程施工中常见且多次发生的施工质量问题通病,讲述了通病的现象、原因分析、预防措施和治理方法等内容。 |
| ● |
| 相关链接 |
|
|
|
正题名:电力建设工程质量问题通病防治手册
索取号:TM7-62/M624
 
预约/预借
| 序号 | 登录号 | 条形码 | 馆藏地/架位号 | 状态 | 备注 |
| 1 | 522026 | 205220269 | 自科库301/301自科库 16排4列4层/ [索取号:TM7-62/M624] | 在馆 | |
| 2 | 522027 | 205220278 | 自科库301/301自科库 16排4列4层/ [索取号:TM7-62/M624] | 在馆 | |
| 3 | 522028 | 205220287 | 自科二线404/301自科库 11排4列3层/ [索取号:TM7-62/M624] | 在馆 |